BASIC & APPLIED CONCEPTS OF BLOOD BANKING AND TRANSFUSION PRACTICE (Record no. 28618)
[ view plain ]
| 000 -LEADER | |
|---|---|
| fixed length control field | 00577nam a22002057a 4500 |
| 003 - CONTROL NUMBER IDENTIFIER | |
| control field | SGT |
| 020 ## - INTERNATIONAL STANDARD BOOK NUMBER | |
| International Standard Book Number | 9788131269527 |
| 082 ## - DEWEY DECIMAL CLASSIFICATION NUMBER | |
| Classification number | 615.39 |
| Item number | B24H |
| 100 ## - MAIN ENTRY--PERSONAL NAME | |
| Personal name | HOWARD, PAULA R. |
| 245 ## - TITLE STATEMENT | |
| Title | BASIC & APPLIED CONCEPTS OF BLOOD BANKING AND TRANSFUSION PRACTICE |
| 250 ## - EDITION STATEMENT | |
| Edition statement | 5TH |
| 260 ## - PUBLICATION, DISTRIBUTION, ETC. (IMPRINT) | |
| Place of publication, distribution, etc | INDIA |
| Name of publisher, distributor, etc | ELSEVIER PUB |
| Year of Publication | 2024 |
| 300 ## - PAGE DESCRIPTION | |
| No. of Pages | 420 |
| 650 ## - SUBJECT ADDED ENTRY--TOPICAL TERM | |
| Topical term or geographic name as entry element | BLOOD BANKING |
| 653 ## - KEYWORDS--INDEX TERM | |
| Keyword term | BLOOD BANK QUALITY AND SAFETY ISSUES |
| 653 ## - KEYWORDS--INDEX TERM | |
| Keyword term | OVERVIEW OF THE MAJOR BLOOD GROUPS |
| 653 ## - KEYWORDS--INDEX TERM | |
| Keyword term | RH BLOOD GROUP SYSTEM |
| 653 ## - KEYWORDS--INDEX TERM | |
| Keyword term | BLOOD COLLECTING AND TESTING |
| 942 ## - ADDED ENTRY ELEMENTS (KOHA) | |
| Source of classification or shelving scheme | Dewey Decimal Classification |
| Koha item type | Books |
| Withdrawn status | Lost status | Source of classification or shelving scheme | Damaged status | Not for loan | Collection code | Home library | Current library | Shelving location | Date acquired | Vendor Name | Cost, normal purchase price | SGTU | Bill Number | Total Checkouts | Full call number | Accession No. (Barcode) | Date last seen | Bill Date | Koha item type |
|---|---|---|---|---|---|---|---|---|---|---|---|---|---|---|---|---|---|---|---|
| Dewey Decimal Classification | Not For Loan | MEDICAL | SGT Medical Library | SGT Medical Library | Reference Book | 13/12/2024 | ABC PUB. DELHI | 5750.00 | SGTU | 20050 | 615.39 B24H | FM14581 | 01/01/2025 | 13/12/2024 | Books |